Online Catalogue and eLibrary

The Mother : (Record no. 875)

MARC details
000 -LEADER
fixed length control field 00430nam a2200169Ia 4500
005 - DATE AND TIME OF LATEST TRANSACTION
control field 20240731055206.0
008 - FIXED-LENGTH DATA ELEMENTS--GENERAL INFORMATION
fixed length control field 240331s9999 xx 000 0 und d
082 ## - DDC Classification
Class No. 291.5
Item Number - Author Mark AUR
100 ## - MAIN ENTRY--PERSONAL NAME
Personal name Aurobindo, S
245 #4 - TITLE STATEMENT
Title The Mother :
Remainder of title fecsimiles and text of the original manuscript
250 ## - EDITION STATEMENT
Edition statement 3rd
260 ## - PUBLICATION, DISTRIBUTION, ETC.
Place of publication, distribution, etc. Pondicherry
Name of publisher, distributor, etc. All India books
Date of publication, distribution, etc. 1984
300 ## - PHYSICAL DESCRIPTION
Extent (e.g. Volumes, Pages etc.) 29 p .,
650 ## - SUBJECT ADDED ENTRY--TOPICAL TERM
Topical term or geographic name entry element Religion
650 ## - SUBJECT ADDED ENTRY--TOPICAL TERM
Topical term or geographic name entry element Psychical
942 ## - Koha item type (Biblio)
Koha item type Books in Stacks (Lending)
Holdings
Lost status Damaged status Collection code Home library Current library Shelving location Date acquired Full call number Accession Number Item type
    Lending WERC Library WERC Library Social Science Cupboard 03/31/2024 291.5 AUR 849 Books in Stacks (Lending)

© WERC Library